000 00984cam a2200265 i 4500
003 SA-RiAUC
005 20241231152552.0
008 241214s1970 ua g 000 0 ara c
040 _aSA-JeALM
_bara
_cSA-RiAUC
_erda
082 0 4 _a249.5
_qSA-RiAUC
090 _a249.5
_bن و ر
100 1 _aالنوري، عبد الله،
_d1905-1981
_eمؤلف.
245 1 2 _aالبهائية سراب /
_cعبد الله النوري ؛ تعليق سعد صادق محمد.
250 _aالطبعة الثالثة.
264 1 _a[ الكويت] :
_bدار العربية،
_c1974
264 3 _aبيروت :
_bمطابع معتوق اخوان
_c1974
300 _a83 صفحة ؛
_c19 × 14 سم
336 _aنص
_btxt
_2rdacontent
_3كتاب
337 _aبدون وسيط
_bn
_2rdamedia
338 _aمجلد
_bnc
_2rdacarrier
650 7 _aالبهائية
_2aucsh
700 1 _aمحمد، سعد صادق
_eمعلق.
942 _2ddc
_cBOOK
_n0
949 _aSA-JeALM
_d241214
_uosman123
_n1
999 _c4208
_d4208